| 000 | 00876nam a2200277Ia 4500 | ||
|---|---|---|---|
| 001 | Para_7736 | ||
| 003 | CHAP | ||
| 008 | 220125s9999 xx 000 0 und d | ||
| 010 | _a206572 | ||
| 040 | _cCHAP | ||
| 082 | _aPA-C 595.77 D5 | ||
| 100 |
_aAlexander, Charles P. _93812 |
||
| 245 |
_aA revision of the american two-winged flies of the psychodid subfamily bruchomyinae / _c by Charles P. Alexander |
||
| 300 | _a9 p. | ||
| 440 |
_aDíptera; 4 _9164251 |
||
| 500 | _aSobretiro de: Proceedings U.S. National Museum 75 (2778) : 1-9. Encuadernado con otros impresos similares | ||
| 650 |
_aDípteros _x colecciones de escritos _933718 |
||
| 650 |
_aPsychodidae _9172863 |
||
| 901 | _aPA-C 595.77 D5 | ||
| 902 | _aA | ||
| 905 | _a000000 0000000000 00 | ||
| 910 | _a | ||
| 942 | _cPARA | ||
| 942 |
_cPARA _d1 |
||
| 999 |
_c206572 _d206572 |
||